Všeobecná úverová banka výročná správa 2001
Guardado en:
| Formato: | Libro |
|---|---|
| Lenguaje: | eslovaco |
| Publicado: |
Bratislava
Všeobecná úverová banka
[2002]
|
| Materias: | |
| Etiquetas: |
Sin Etiquetas, Sea el primero en etiquetar este registro!
|
MARC
| LEADER | 00000nam$a2200000$$$4500 | ||
|---|---|---|---|
| 001 | 0003910 | ||
| 005 | 20240108123746.8 | ||
| 041 | 0 | |a slo | |
| 044 | |a SK | ||
| 245 | 1 | 0 | |a Všeobecná úverová banka |b výročná správa 2001 |
| 264 | 1 | |a Bratislava |b Všeobecná úverová banka |c [2002] | |
| 300 | |a 76 s. | ||
| 610 | 2 | 0 | |a banky |
| 610 | 2 | 0 | |a bankovníctvo |
| 610 | 2 | 0 | |a predstavenstvo |
| 610 | 2 | 0 | |a rady dozorné |
| 610 | 2 | 0 | |a audit |
| 610 | 2 | 0 | |a súvaha |
| 610 | 2 | 0 | |a výkazy finančné |
| 610 | 2 | 0 | |a závierka účtovná konsolidovaná |
| 610 | 2 | 0 | |a normy |
| 610 | 2 | 0 | |a cash flow |
| 610 | 2 | 0 | |a štruktúra organizačná |